000 00460nam a2200181Ia 4500
001 10797
005 20260306161858.0
008 260306t2008||||xx |||||||||||||| ||spa||
041 _aESP
082 _a956.94
_bH53
100 _aHilal, Jamil (ed.)
_eAUT
245 0 _aPalestina:
_bdestrucción del presente, construcción del futuro
260 _c2008
300 _a318 páginas :
_c22 cm.
650 _aGEN
654 _aCHU
942 _cLIB
_dJUS
_fJUS
_2ddc
_n
999 _c10797
_d10797